[Event "Gatineau Rentree Hull U1500"]
[Site "Gatineau"]
[Date "2018.10.09"]
[Round "5"]
[White "Sabourin, Yves"]
[Black "Labrie, Dany"]
[Result "0-1"]
[WhiteElo "1498"]
[BlackElo "1374"]
[PlyCount "68"]
[EventDate "2018.09.11"]
[EventType "swiss"]
[EventRounds "5"]
[EventCountry "CAN"]
[SourceTitle "EXT 2022"]
[Source "ChessBase"]
[SourceDate "2021.10.06"]
[SourceVersion "1"]
[SourceVersionDate "2021.10.06"]
[SourceQuality "1"]

1. e4 d5 2. exd5 Qxd5 3. Nc3 Qd6 4. d4 Nf6 5. Bd3 g6 6. Ne4 Nxe4 7. Bxe4 Bg7 8. Ne2 0-0 9. 0-0 Nc6 10. Be3 Bd7 11. c3 e5 12. d5 Ne7 13. c4 b6 14. Nc3 Qb4 15. Qb3 a5 16. Rfd1 Nf5 17. Bxf5 Bxf5 18. Qxb4 axb4 19. Nb5 b3 20. Nxc7 Rxa2 21. Bxb6 Bc2 22. Rxa2 bxa2 23. Ra1 Bb3 24. Bc5 Rd8 25. Rc1 e4 26. Ba3 Bh6 27. Ra1 Bxc4 28. g3 Bd2 29. d6 e3 30. fxe3 Bxe3+ 31. Kg2 Bd4 32. Kf3 Be5 33. Ke4 Bg7 34. Nd5 f5+ 0-1

[Event "Gatineau Rentree Hull U1500"]
[Site "Gatineau"]
[Date "2018.10.02"]
[Round "4"]
[White "Labrie, Dany"]
[Black "Simard, Paul"]
[Result "1-0"]
[WhiteElo "1374"]
[BlackElo "1188"]
[PlyCount "73"]
[EventDate "2018.09.11"]
[EventType "swiss"]
[EventRounds "5"]
[EventCountry "CAN"]
[SourceTitle "EXT 2022"]
[Source "ChessBase"]
[SourceDate "2021.10.06"]
[SourceVersion "1"]
[SourceVersionDate "2021.10.06"]
[SourceQuality "1"]

1. b4 e5 2. Bb2 d6 3. e3 Nf6 4. Nf3 Be7 5. Nc3 0-0 6. Be2 c6 7. a4 a5 8. b5 Qb6 9. Ba3 cxb5 10. Bxb5 Be6 11. Rb1 Qc7 12. 0-0 Bc4 13. d3 Bxb5 14. Nxb5 Qd7 15. Nd2 Nc6 16. f4 Nd5 17. Nc4 exf4 18. exf4 Ncb4 19. Qd2 Qc6 20. Rf3 f5 21. Rbf1 Nb6 22. Nb2 Nxa4 23. Nd4 Qc5 24. c3 Nxc3 25. Qe3 Ncd5 26. Qf2 Bf6 27. Kh1 Bxd4 28. Qh4 Ne3 29. Rh3 h6 30. Na4 Qd5 31. Rff3 Nxg2 32. Kxg2 Qa2+ 33. Bb2 Rac8 34. Rhg3 Rc2+ 35. Kh3 Bf2 36. Rxg7+ Kh8 37. Qxh6# 1-0

[Event "Outaouais-ch Reserves"]
[Site "Gatineau"]
[Date "2018.05.15"]
[Round "7"]
[White "Celac, Ecaterina"]
[Black "Labrie, Dany"]
[Result "0-1"]
[WhiteElo "1251"]
[BlackElo "1298"]
[PlyCount "42"]
[EventDate "2018.04.03"]
[EventType "swiss"]
[EventRounds "7"]
[EventCountry "CAN"]
[SourceTitle "EXT 2022"]
[Source "ChessBase"]
[SourceDate "2021.10.06"]
[SourceVersion "1"]
[SourceVersionDate "2021.10.06"]
[SourceQuality "1"]

1. e4 c5 2. Nf3 Nc6 3. d3 g6 4. Be3 Bg7 5. c3 e5 6. Bxc5 b6 7. Bd6 Qf6 8. Bc7 Bb7 9. d4 Rc8 10. dxe5 Qe6 11. Ng5 Qe7 12. Bd6 Qd8 13. Qb3 Qxg5 14. Nd2 Nxe5 15. f3 Qe3+ 16. Be2 Nd3+ 17. Kd1 Nxb2+ 18. Qxb2 Bxc3 19. Nf1 Qd4+ 20. Kc2 Bxb2+ 21. Kb3 Rc3+ 0-1

[Event "Outaouais-ch Reserves"]
[Site "Gatineau"]
[Date "2018.05.08"]
[Round "6"]
[White "Rioux, Jocelyn"]
[Black "Labrie, Dany"]
[Result "1-0"]
[WhiteElo "1617"]
[BlackElo "1298"]
[PlyCount "119"]
[EventDate "2018.04.03"]
[EventType "swiss"]
[EventRounds "7"]
[EventCountry "CAN"]
[SourceTitle "EXT 2022"]
[Source "ChessBase"]
[SourceDate "2021.10.06"]
[SourceVersion "1"]
[SourceVersionDate "2021.10.06"]
[SourceQuality "1"]

1. e4 c5 2. Nf3 Nc6 3. d4 e6 4. Nc3 a6 5. d5 Na7 6. Be3 b5 7. d6 Qb6 8. e5 Bb7 9. b4 g6 10. Bxc5 Qd8 11. Bd3 Nc6 12. Be4 Bg7 13. Qd3 Nh6 14. h3 0-0 15. 0-0 f6 16. Bxc6 Bxc6 17. exf6 Bxf6 18. Nd4 Bb7 19. a4 Qe8 20. axb5 e5 21. Nde2 e4 22. Qc4+ Qf7 23. Qxf7+ Rxf7 24. bxa6 Rxa6 25. Rxa6 Bxa6 26. b5 Bb7 27. Bb4 Be5 28. Ng3 Rf4 29. Nce2 Rh4 30. Bc3 Bxd6 31. Bf6 Bxg3 32. Nxg3 Rf4 33. Bg5 Rf8 34. Bxh6 Rc8 35. Rc1 Rc5 36. b6 Kf7 37. Be3 Rc4 38. c3 d5 39. Bd4 Ke6 40. Ra1 Kd6 41. Ra7 Kc6 42. Nf1 Bc8 43. Ne3 Rxd4 44. cxd4 Bb7 45. Rxb7 Kxb7 46. Nxd5 Kc6 47. Kf1 g5 48. Ke2 h6 49. Ke3 h5 50. Kxe4 g4 51. hxg4 hxg4 52. f3 g3 53. f4 Kb7 54. f5 Ka6 55. f6 Kb7 56. f7 Kb8 57. f8Q+ Kb7 58. Qe7+ Ka6 59. b7 Ka7 60. b8Q+ 1-0

[Event "Gatineau Special Hiver Suisse"]
[Site "Gatineau"]
[Date "2018.02.20"]
[Round "3"]
[White "Labrie, Dany"]
[Black "Sabourin, Yves"]
[Result "0-1"]
[WhiteElo "1304"]
[BlackElo "1514"]
[PlyCount "122"]
[EventDate "2018.02.06"]
[EventType "swiss"]
[EventRounds "5"]
[EventCountry "CAN"]
[SourceTitle "EXT 2022"]
[Source "ChessBase"]
[SourceDate "2021.10.06"]
[SourceVersion "1"]
[SourceVersionDate "2021.10.06"]
[SourceQuality "1"]

1. c4 Nf6 2. Nc3 g6 3. e4 d6 4. Nf3 c5 5. d3 Bg7 6. Be2 Nc6 7. 0-0 Bd7 8. Re1 0-0 9. Bf4 a6 10. Qd2 Rb8 11. Bh6 b5 12. Bxg7 Kxg7 13. b3 b4 14. Nd5 e6 15. Nf4 Qc8 16. Nh4 e5 17. Nd5 Nxd5 18. cxd5 Nd4 19. Bh5 Qd8 20. Nf3 gxh5 21. Nxd4 exd4 22. f4 h6 23. Rf1 Qe7 24. Rae1 f6 25. Rf3 Rg8 26. f5 Rbf8 27. Rh3 Be8 28. Qf4 Kh7 29. Re2 Rg4 30. Qd2 Qa7 31. Rf2 a5 32. Rf4 Rxf4 33. Qxf4 Qe7 34. g4 Rg8 35. Rh4 Rxg4+ 36. Rxg4 hxg4 37. Qxg4 Qg7 38. Qxg7+ Kxg7 39. Kf2 Bh5 40. h4 Kf7 41. Ke1 Ke7 42. Kd2 Kd7 43. Kc2 Kc7 44. Kb2 Kb6 45. Kc2 Kb5 46. Kb2 Be2 47. Kc2 a4 48. Kd2 Bg4 49. Kc2 a3 50. Kd2 Kb6 51. Ke1 Kc7 52. Kf2 Kd7 53. Kg3 Be2 54. Kf2 Bxd3 55. Kf3 Bb1 56. Kg4 d3 57. Kh5 d2 58. Kxh6 d1Q 59. h5 Qg4 60. Kh7 Ke7 61. h6 Kf7 0-1

[Event "Gatineau Special Hiver Suisse"]
[Site "Gatineau"]
[Date "2018.02.13"]
[Round "2"]
[White "Labrie, Dany"]
[Black "Bastien, Andre"]
[Result "0-1"]
[WhiteElo "1304"]
[BlackElo "1866"]
[PlyCount "106"]
[EventDate "2018.02.06"]
[EventType "swiss"]
[EventRounds "5"]
[EventCountry "CAN"]
[SourceTitle "EXT 2022"]
[Source "ChessBase"]
[SourceDate "2021.10.06"]
[SourceVersion "1"]
[SourceVersionDate "2021.10.06"]
[SourceQuality "1"]

1. e4 d5 2. e5 c5 3. d4 cxd4 4. Qxd4 e6 5. Nc3 a6 6. Bd2 Nc6 7. Qf4 Nge7 8. Qg3 Nf5 9. Qg4 Be7 10. Qh5 g6 11. Qe2 Nfd4 12. Qd1 Nxe5 13. Bf4 Bf6 14. Qxd4 Nf3+ 15. Nxf3 Bxd4 16. Nxd4 Qh4 17. g3 Qf6 18. 0-0-0 g5 19. Be3 Bd7 20. f4 gxf4 21. Bxf4 0-0 22. Be2 Qg7 23. Nf3 f6 24. h4 e5 25. Rhg1 Bc6 26. h5 Qf7 27. b3 b5 28. Nh4 Qe6 29. g4 exf4 30. g5 f5 31. g6 d4 32. gxh7+ Kxh7 33. Bd3 dxc3 34. Rg6 Qe3+ 35. Kb1 Be8 36. a3 Bxg6 37. Nxg6 Rf6 38. Rh1 Rd8 39. Rd1 Rfd6 40. Nxf4 Qxf4 41. Rf1 Qxf1+ 42. Bxf1 Rd1+ 43. Ka2 Rxf1 44. b4 Rdd1 45. Kb3 Rf4 46. Kxc3 Rc4+ 47. Kb3 f4 48. c3 f3 49. Kc2 Rd6 50. h6 f2 51. Kb3 f1Q 52. a4 Qb1+ 53. Ka3 Rxc3# 0-1

[Event "Gatineau Pere Noel CEH-B"]
[Site "Gatineau"]
[Date "2018.01.09"]
[Round "4"]
[White "Simard, Paul"]
[Black "Labrie, Dany"]
[Result "0-1"]
[WhiteElo "1196"]
[BlackElo "1293"]
[PlyCount "52"]
[EventDate "2017.12.05"]
[EventType "swiss"]
[EventRounds "6"]
[EventCountry "CAN"]
[SourceTitle "EXT 2022"]
[Source "ChessBase"]
[SourceDate "2021.10.06"]
[SourceVersion "1"]
[SourceVersionDate "2021.10.06"]
[SourceQuality "1"]

1. d4 g6 2. c4 Nf6 3. Nc3 d6 4. Nf3 Bg7 5. Bf4 Bd7 6. h3 a6 7. e3 b5 8. cxb5 c6 9. bxc6 Nxc6 10. Bc4 0-0 11. a3 Na5 12. Ba2 Qb6 13. b4 Bb5 14. bxa5 Qxa5 15. Qc1 Rac8 16. Qd2 Rxc3 17. a4 Ne4 18. axb5 Nxd2 19. Nxd2 Qxb5 20. Ne4 Rc2 21. Nd2 Rfc8 22. Kd1 Qb2 23. Ke2 Rxd2+ 24. Kf3 Rxf2+ 25. Ke4 Qc2+ 26. Kd5 Qf5+ 0-1

[Event "Gatineau Automne"]
[Site "Gatineau"]
[Date "2017.11.07"]
[Round "2"]
[White "Ethier, Valori"]
[Black "Labrie, Dany"]
[Result "1-0"]
[WhiteElo "1373"]
[BlackElo "1127"]
[PlyCount "55"]
[EventDate "2017.10.31"]
[EventType "swiss"]
[EventRounds "5"]
[EventCountry "CAN"]
[SourceTitle "EXT 2022"]
[Source "ChessBase"]
[SourceDate "2021.10.06"]
[SourceVersion "1"]
[SourceVersionDate "2021.10.06"]
[SourceQuality "1"]

1. f4 d6 2. Nf3 g6 3. b3 Bg7 4. Nc3 Nc6 5. Bb2 e5 6. fxe5 Nxe5 7. e3 Ne7 8. Be2 c5 9. 0-0 Bg4 10. Nxe5 Bxe2 11. Qxe2 Bxe5 12. Qf3 Qd7 13. Qxf7+ Kd8 14. Qc4 a6 15. Rf7 Kc7 16. Nd5+ Kc6 17. Nxe7+ Kb6 18. Nd5+ Kc6 19. Rxd7 Kxd7 20. Bxe5 b5 21. Qg4+ Kc6 22. Ne7+ Kc7 23. Bxh8 Rxh8 24. Rf1 Kb6 25. Rf7 a5 26. Qd7 a4 27. Nd5+ Ka5 28. Qa7# 1-0